<?xml version="1.0" encoding="UTF-8"?>
<record
    xmlns:xsi="http://www.w3.org/2001/XMLSchema-instance"
    xsi:schemaLocation="http://www.loc.gov/MARC21/slim http://www.loc.gov/standards/marcxml/schema/MARC21slim.xsd"
    xmlns="http://www.loc.gov/MARC21/slim">

  <leader>00613cam7a220020500 4500</leader>
  <controlfield tag="003">s</controlfield>
  <controlfield tag="005">20190819095843.0</controlfield>
  <controlfield tag="008">000523                                  </controlfield>
  <datafield tag="020" ind1=" " ind2=" ">
    <subfield code="a">1879998033</subfield>
  </datafield>
  <datafield tag="035" ind1=" " ind2=" ">
    <subfield code="a">(Sirsi) a142639</subfield>
  </datafield>
  <datafield tag="050" ind1=" " ind2="0">
    <subfield code="a">BT65</subfield>
    <subfield code="b">Rus 1994</subfield>
  </datafield>
  <datafield tag="100" ind1="1" ind2=" ">
    <subfield code="a">Rushdoony, Rousas John</subfield>
    <subfield code="6">A76783.1</subfield>
  </datafield>
  <datafield tag="245" ind1="1" ind2="0">
    <subfield code="a">Systematic theology.</subfield>
    <subfield code="n">Vol. 1-2 /</subfield>
    <subfield code="c">Rushdoony, Rousas John.</subfield>
  </datafield>
  <datafield tag="260" ind1=" " ind2=" ">
    <subfield code="a">Vallecito, California :</subfield>
    <subfield code="b">Ross House Books,</subfield>
    <subfield code="c">c1994.</subfield>
  </datafield>
  <datafield tag="350" ind1=" " ind2=" ">
    <subfield code="5">0</subfield>
  </datafield>
  <datafield tag="500" ind1=" " ind2=" ">
    <subfield code="a">Each volume is in two volumes</subfield>
  </datafield>
  <datafield tag="501" ind1=" " ind2=" ">
    <subfield code="a">Includes scripture texts</subfield>
  </datafield>
  <datafield tag="504" ind1=" " ind2=" ">
    <subfield code="a">Includes index</subfield>
  </datafield>
  <datafield tag="650" ind1=" " ind2="0">
    <subfield code="a">Theology, Doctrinal</subfield>
    <subfield code="6">S28690.1</subfield>
  </datafield>
  <datafield tag="999" ind1=" " ind2=" ">
    <subfield code="c">99925</subfield>
    <subfield code="d">99925</subfield>
  </datafield>
</record>
